[Event "Moscow op-C"]
[Site "Moscow"]
[Date "2011.02.05"]
[Round "8"]
[White "Dzhumaev, Almir"]
[Black "Khmara, Maxim"]
[Result "1/2-1/2"]
[WhiteElo "2226"]
[BlackElo "2132"]
[PlyCount "88"]
[EventDate "2011.01.29"]
[EventType "swiss"]
[EventRounds "9"]
[EventCountry "RUS"]
[SourceTitle "EXT 2012"]
[Source "ChessBase"]
[SourceDate "2011.11.24"]
[SourceVersion "1"]
[SourceVersionDate "2011.11.24"]
[SourceQuality "1"]

1. e4 e6 2. d4 d5 3. Nc3 Nf6 4. e5 Nfd7 5. f4 c5 6. Nf3 Nc6 7. Be3 Qb6 8. Na4 Qa5+ 9. c3 cxd4 10. b4 Nxb4 11. cxb4 Bxb4+ 12. Bd2 Bxd2+ 13. Nxd2 0-0 14. Bd3 b5 15. Nb2 Nb6 16. 0-0 Nc4 17. Nbxc4 bxc4 18. Bxh7+ Kxh7 19. Qh5+ Kg8 20. Nf3 g5 21. Qh6 Qc7 22. Rae1 f6 23. Qg6+ Qg7 24. Qh5 d3 25. exf6 Rxf6 26. Ne5 Kf8 27. f5 d2 28. Re3 Qh6 29. Qe2 Rxf5 30. Qxd2 Rb8 31. Qd4 Rxf1+ 32. Kxf1 Qh7 33. Qc5+ Ke8 34. Re1 Bd7 35. Qxa7 Rb5 36. Qa8+ Ke7 37. Qa3+ Kd8 38. Qd6 c3 39. a4 Rb1 40. Qf8+ Be8 41. Qd6+ Bd7 42. Qf8+ Be8 43. Qd6+ Bd7 44. Qf8+ Be8 1/2-1/2

[Event "Moscow op-C"]
[Site "Moscow"]
[Date "2011.01.31"]
[Round "3"]
[White "Khmara, Maxim"]
[Black "Oganisjan, Roman"]
[Result "1-0"]
[WhiteElo "2132"]
[BlackElo "2293"]
[PlyCount "103"]
[EventDate "2011.01.29"]
[EventType "swiss"]
[EventRounds "9"]
[EventCountry "RUS"]
[SourceTitle "EXT 2012"]
[Source "ChessBase"]
[SourceDate "2011.11.24"]
[SourceVersion "1"]
[SourceVersionDate "2011.11.24"]
[SourceQuality "1"]

1. e4 e6 2. d3 d5 3. Nd2 g6 4. Ngf3 Bg7 5. c3 Ne7 6. d4 0-0 7. Bd3 Nd7 8. e5 c5 9. b4 cxd4 10. cxd4 f6 11. exf6 Bxf6 12. Bb2 Qb6 13. b5 e5 14. dxe5 Nxe5 15. Bxe5 Bxe5 16. Rb1 Bg4 17. 0-0 Bc7 18. h3 Bd7 19. Qb3 Rf7 20. Ng5 Rf4 21. g3 Rf6 22. Kg2 Raf8 23. Nde4 Rf5 24. f4 h6 25. Nf3 R5f7 26. Nc3 Qe6 27. Rh1 Bxf4 28. gxf4 Rxf4 29. Be2 Nf5 30. Rbe1 Nh4+ 31. Nxh4 Rf2+ 32. Kg1 Qe3 33. Nd1 Rf1+ 34. Kh2 Qe5+ 35. Kg2 Qe4+ 36. Bf3 Bxh3+ 37. Rxh3 Qxe1 38. Qxd5+ Rf7 39. Qd4 Kh7 40. Qe3 Qxe3 41. Nxe3 Rb1 42. Be4 Rb2+ 43. Kg3 Rf6 44. a4 Re6 45. Bxg6+ Rxg6+ 46. Nxg6 Rb3 47. Kf4 Kxg6 48. Rg3+ Kf7 49. Ke5 Ra3 50. Nf5 Rxa4 51. Rg7+ Kf8 52. Rxb7 1-0

[Event "Moscow op-C"]
[Site "Moscow"]
[Date "2011.01.29"]
[Round "1"]
[White "Khmara, Maxim"]
[Black "Nakhapetiane, Pogos"]
[Result "0-1"]
[WhiteElo "2132"]
[BlackElo "2469"]
[PlyCount "40"]
[EventDate "2011.01.29"]
[EventType "swiss"]
[EventRounds "9"]
[EventCountry "RUS"]
[SourceTitle "EXT 2012"]
[Source "ChessBase"]
[SourceDate "2011.11.24"]
[SourceVersion "1"]
[SourceVersionDate "2011.11.24"]
[SourceQuality "1"]

1. e4 c5 2. d3 e6 3. g3 d5 4. Nd2 Nc6 5. Bg2 Nf6 6. Ngf3 g6 7. 0-0 Bg7 8. exd5 Nxd5 9. Ne4 b6 10. c4 Nde7 11. Bg5 0-0 12. Nf6+ Kh8 13. Ne5 Nxe5 14. Bxa8 h6 15. Bh4 Nf5 16. Ne4 Nxh4 17. gxh4 Qxh4 18. f4 Ng4 19. Qe2 Bd7 20. Nxc5 bxc5 0-1

[Event "RUS-ch U26"]
[Site "Novokuznetsk"]
[Date "2007.10.23"]
[Round "2"]
[White "Tuzhik, Artem"]
[Black "Khmara, Maxim"]
[Result "1-0"]
[WhiteElo "2316"]
[BlackElo "2126"]
[PlyCount "109"]
[EventDate "2007.10.22"]
[EventType "swiss"]
[EventRounds "9"]
[EventCountry "RUS"]
[SourceTitle "EXT 2009"]
[Source "ChessBase"]
[SourceDate "2008.11.26"]
[SourceVersion "1"]
[SourceVersionDate "2008.11.26"]
[SourceQuality "1"]

1. d4 e6 2. e4 d5 3. Nc3 Nf6 4. Bg5 Be7 5. e5 Nfd7 6. h4 a6 7. Qg4 f5 8. Qh5+ g6 9. Qh6 Bxg5 10. hxg5 Kf7 11. Nge2 c5 12. Nf4 cxd4 13. Nxg6 dxc3 14. Nxh8+ Qxh8 15. g6+ Kg8 16. gxh7+ Kf7 17. Be2 Nc6 18. Bh5+ Ke7 19. Qg5+ Kf8 20. Qg6 Ndxe5 21. Qe8+ Kg7 22. f4 cxb2 23. Rb1 Bd7 24. Qxh8+ Rxh8 25. fxe5 Rxh7 26. Rxb2 b5 27. Rb3 Nxe5 28. Rbh3 d4 29. Rh4 Nc6 30. g4 f4 31. g5 e5 32. Bf3 Rxh4 33. Rxh4 Ne7 34. Rh6 Bf5 35. Rxa6 Bxc2 36. Re6 Ng6 37. Bd5 Bf5 38. Rf6 Nh4 39. Rf7+ Kh8 40. g6 Bxg6 41. Re7 f3 42. Rxe5 d3 43. Bb3 d2+ 44. Kxd2 f2 45. Ke2 Nf5 46. Kxf2 Nd4 47. Rd5 Nc6 48. Rxb5 Kg7 49. Rb7+ Kf8 50. Ke3 Ne7 51. Kd4 Ke8 52. Kc5 Kd8 53. Be6 Be4 54. Rd7+ Ke8 55. Rd4 1-0

[Event "Penza op U18"]
[Site "Penza"]
[Date "2006.11.08"]
[Round "7"]
[White "Smirnova, Anastasia"]
[Black "Khmara, Maxim"]
[Result "0-1"]
[WhiteElo "1922"]
[BlackElo "2119"]
[PlyCount "108"]
[EventDate "2006.11.01"]
[EventType "swiss"]
[EventRounds "7"]
[EventCountry "RUS"]
[SourceTitle "EXT 2007"]
[Source "ChessBase"]
[SourceDate "2006.11.23"]
[SourceVersion "1"]
[SourceVersionDate "2006.11.23"]
[SourceQuality "1"]

1. e4 e6 2. d4 d5 3. Nc3 Nf6 4. Bg5 Be7 5. e5 Nfd7 6. Bxe7 Qxe7 7. Nb5 Na6 8. c3 f6 9. exf6 Qxf6 10. Qf3 0-0 11. Qxf6 gxf6 12. Nf3 Nb6 13. Na3 Nb8 14. Be2 Bd7 15. 0-0-0 Nc6 16. c4 dxc4 17. Nxc4 Nd5 18. Ne3 Nce7 19. Nxd5 Nxd5 20. Nd2 Nf4 21. Bf1 Bc6 22. f3 Rfd8 23. Ne4 Kf7 24. g3 Nd5 25. Be2 b6 26. Nc3 Rd7 27. Nxd5 Bxd5 28. b3 a5 29. Rhf1 a4 30. Kb2 c6 31. Bd3 axb3 32. axb3 Rda7 33. Ra1 Rxa1 34. Rxa1 Rxa1 35. Kxa1 Bxf3 36. Kb2 h6 37. Kc3 Ke7 38. b4 Kd6 39. Bf1 e5 40. dxe5+ fxe5 41. Kd3 Kd5 42. Ke3 e4 43. h3 c5 44. bxc5 bxc5 45. Ba6 c4 46. g4 c3 47. h4 c2 48. Kd2 Bd1 49. g5 e3+ 50. Kc1 e2 51. Bxe2 Bxe2 52. Kxc2 h5 53. Kd2 Bg4 54. Ke3 Ke5 0-1

[Event "Penza op U18"]
[Site "Penza"]
[Date "2006.11.06"]
[Round "5"]
[White "Seliverstov, Vladimir"]
[Black "Khmara, Maxim"]
[Result "1-0"]
[WhiteElo "2239"]
[BlackElo "2119"]
[PlyCount "55"]
[EventDate "2006.11.01"]
[EventType "swiss"]
[EventRounds "7"]
[EventCountry "RUS"]
[SourceTitle "EXT 2007"]
[Source "ChessBase"]
[SourceDate "2006.11.23"]
[SourceVersion "1"]
[SourceVersionDate "2006.11.23"]
[SourceQuality "1"]

1. d4 e6 2. c4 d5 3. Nc3 Nf6 4. Nf3 Be7 5. Bg5 0-0 6. e3 Nbd7 7. Rc1 a6 8. cxd5 exd5 9. Bd3 Re8 10. Qc2 c6 11. 0-0 Nf8 12. Rfe1 Ne4 13. Bf4 Nd6 14. Qb3 h5 15. h3 Ra7 16. e4 dxe4 17. Nxe4 Be6 18. Qc2 Nxe4 19. Bxe4 Nd7 20. Bh7+ Kh8 21. Rxe6 fxe6 22. Ne5 Nxe5 23. Bxe5 Bf6 24. Qg6 Bxe5 25. dxe5 Qd7 26. Qxh5 Rc8 27. Bg6+ Kg8 28. Rd1 1-0

[Event "Privolzhskogo FO-ch U16"]
[Site "Oktjabrsky"]
[Date "2004.11.??"]
[Round "5"]
[White "Khmara, Maxim"]
[Black "Darmin, Dmitry"]
[Result "0-1"]
[WhiteElo "2136"]
[BlackElo "2177"]
[PlyCount "64"]
[EventDate "2004.11.??"]
[EventType "swiss"]
[EventRounds "9"]
[EventCountry "RUS"]
[SourceTitle "EXT 2006"]
[Source "ChessBase"]
[SourceDate "2005.11.24"]
[SourceVersion "1"]
[SourceVersionDate "2005.11.24"]
[SourceQuality "1"]

1. d4 Nf6 2. Nf3 e6 3. e3 b6 4. Bd3 Bb7 5. Nbd2 d5 6. 0-0 Bd6 7. b3 Nbd7 8. Bb2 c5 9. Ne5 0-0 10. f4 Ne4 11. c4 f5 12. cxd5 exd5 13. Nxe4 fxe4 14. Be2 cxd4 15. Nxd7 Qxd7 16. Bxd4 Qe7 17. Bg4 Rad8 18. Qe2 Ba3 19. Rfd1 Rd6 20. Rd2 Bc8 21. Be5 Bxg4 22. Bxd6 Qd7 23. Bxf8 Bxe2 24. Bxa3 Bd3 25. Bb2 Qb5 26. Rc1 Qa5 27. Rc8+ Kf7 28. Bc3 Qa3 29. Rb2 Qe7 30. Be5 Qh4 31. Rf2 Qg4 32. Rd2 Qxc8 0-1

[Event "Privolzhskogo FO-ch U16"]
[Site "Oktjabrsky"]
[Date "2004.11.??"]
[Round "8"]
[White "Nakhapetiane, Pogos"]
[Black "Khmara, Maxim"]
[Result "1/2-1/2"]
[WhiteElo "2226"]
[BlackElo "2136"]
[PlyCount "34"]
[EventDate "2004.11.??"]
[EventType "swiss"]
[EventRounds "9"]
[EventCountry "RUS"]
[SourceTitle "EXT 2006"]
[Source "ChessBase"]
[SourceDate "2005.11.24"]
[SourceVersion "1"]
[SourceVersionDate "2005.11.24"]
[SourceQuality "1"]

1. e4 e6 2. d4 d5 3. Nc3 Nf6 4. e5 Nfd7 5. f4 c5 6. Nf3 Nc6 7. Be3 a6 8. Qd2 b5 9. Be2 b4 10. Nd1 Qb6 11. 0-0 cxd4 12. Nxd4 Nxd4 13. Bxd4 Bc5 14. c3 bxc3 15. bxc3 Nb8 16. Ne3 Nc6 17. Rad1 Rb8 1/2-1/2

[Event "RUS-ch U16"]
[Site "Dagomys"]
[Date "2004.04.??"]
[Round "?"]
[White "Khmara, Maxim"]
[Black "Gusakov, Pavel"]
[Result "0-1"]
[WhiteElo "2136"]
[BlackElo "2175"]
[PlyCount "70"]
[EventDate "2004.04.??"]
[EventType "swiss"]
[EventRounds "10"]
[EventCountry "RUS"]
[SourceTitle "EXT 2005"]
[Source "ChessBase"]
[SourceDate "2004.11.15"]
[SourceVersion "1"]
[SourceVersionDate "2004.11.15"]
[SourceQuality "1"]

1. e4 c5 2. d3 a6 3. g3 b5 4. Bg2 Bb7 5. f4 e6 6. Nf3 d5 7. e5 c4 8. d4 h5 9. Be3 b4 10. 0-0 g6 11. c3 a5 12. b3 cxb3 13. axb3 bxc3 14. Nxc3 Bb4 15. Na4 Nh6 16. Nc5 Bc6 17. Qc2 Nf5 18. Bf2 Bb5 19. Rfc1 Nd7 20. h3 Rc8 21. Qd1 Nxc5 22. dxc5 Qd7 23. g4 hxg4 24. hxg4 Ne7 25. Nd4 Qb7 26. Bf1 Bxf1 27. Qxf1 Rxc5 28. Rxc5 Bxc5 29. Rxa5 Bxd4 30. Bxd4 Rh4 31. Rb5 Rxg4+ 32. Kh2 Rxf4 33. Rxb7 Rxf1 34. Rb8+ Kd7 35. Rb7+ Kd8 0-1

[Event "RUS-ch U16"]
[Site "Dagomys"]
[Date "2004.04.??"]
[Round "?"]
[White "Khmara, Maxim"]
[Black "Konovalov, Nikolay"]
[Result "1/2-1/2"]
[WhiteElo "2136"]
[BlackElo "2355"]
[PlyCount "70"]
[EventDate "2004.04.??"]
[EventType "swiss"]
[EventRounds "10"]
[EventCountry "RUS"]
[SourceTitle "EXT 2005"]
[Source "ChessBase"]
[SourceDate "2004.11.15"]
[SourceVersion "1"]
[SourceVersionDate "2004.11.15"]
[SourceQuality "1"]

1. e4 c5 2. d3 Nc6 3. g3 g6 4. Bg2 Bg7 5. f4 d6 6. Nf3 f5 7. 0-0 Nf6 8. Re1 0-0 9. c3 Kh8 10. e5 dxe5 11. fxe5 Nd5 12. a3 Be6 13. c4 Nc7 14. Nc3 Qd7 15. Bf4 Rad8 16. Re3 Bg8 17. h4 h6 18. b3 Nd4 19. Ne2 Nxf3+ 20. Bxf3 Ne6 21. Bd5 Kh7 22. Bxe6 Bxe6 23. a4 Qc6 24. Ra2 a6 25. a5 b5 26. axb6 Bc8 27. d4 cxd4 28. Nxd4 Qxb6 29. Rd2 Bb7 30. c5 Qxc5 31. Ne6 Qc6 32. Nxf8+ Bxf8 33. Qc2 Qh1+ 34. Kf2 Be4 35. Qc3 Qg2+ 1/2-1/2